00891nam a2200289Ia 4500001000700000003000500007008004100012010001100053040000900064082001500073100003400088245008700122260003400209300001100243440007600254500000500330503001100335650006100346650003400407901001500441902000600456910000900462942000600471942000700477999001900484952009800503Z_4496CHAP220113s1979 xx 000 0 und d a167571 cCHAP a636.508 O5 aOluyemi, J A983218 aPoultry production in warm wet climates /cpor J. A. Oluyemi and F. A. Roberts aHong Kong :bMcMillan,c1979 a198 p. aMcMillan tropical agriculture, horticulture and applied ecology9141819 a a136650 aAves de corralxProducción I. Roberts, F A9141820 aAviculturaxTrópicos 98752 a636.508 O5 aA a1979 c1 cc1 c167571d167571 00102ddc40708GRALaZbZc3d2005-11-09pz_0188r2022-01-18 00:00:00t1w2022-01-18yLIBRO